| 000 | 00638nam a2200181Ia 4500 | ||
|---|---|---|---|
| 003 | GCL | ||
| 008 | 140319s9999 xx 000 0 ara d | ||
| 020 | _a6917269960 | ||
| 040 |
_aGCL / _cGCL |
||
| 082 | 0 | 4 |
_a953.7 _bن ن |
| 100 | 1 | _aنايف بن عبد الله الشرعان | |
| 245 | 1 | 0 |
_aنقود الدولة العيونية فى بلاد البحرين / _cنايف بن عبد الله الشرعان |
| 260 |
_aالرياض : _bمركز الملك فيصل ، _c2002 |
||
| 300 |
_a315 ص ؛ _c25 سم |
||
| 650 | 0 | 4 | _aالبحرين - تاريخ |
| 650 | 0 | 4 | _aالنقود - البحرين - تاريخ |
| 942 |
_2ddc _cBK |
||
| 999 |
_c56390 _d56390 |
||